000 02966cam a22004334a 4500
001 16311537
003 OSt
005 20150408114024.0
008 100625s2010 enkaf b 001 0 eng
010 _a 2010027380
015 _aGBB067275
_2bnb
016 7 _a101534343
_2DNLM
016 7 _a015566359
_2Uk
020 _a9780521195447 (hardback)
020 _a0521195446 (hardback)
035 _a(OCoLC)ocn607986408
040 _aDNLM/DLC
_cDLC
_dYDX
_dNLM
_dUKM
_dBTCTA
_dYDXCP
_dCDX
_dDLC
042 _apcc
050 0 0 _aQH581.2
_b.G53 2010
060 0 0 _a2010 K-455
060 1 0 _aQU 350
082 0 0 _a660.6
_222
100 1 _aGibson, Lorna J.
_912056
245 1 0 _aCellular materials in nature and medicine /
_cLorna J. Gibson, Michael F. Ashby, Brendan A. Harley.
260 _aCambridge ;
_aNew York :
_bCambridge University Press,
_c2010.
300 _ax, 309 p., [14] p. of col. plates :
_bill. ;
_c26 cm.
504 _aIncludes bibliographical references and index.
505 8 _aMachine generated contents note: Part I. Background: 1. Introduction; 2. The materials of nature; 3. Structure and mechanics of cellular materials; Part II. Cellular Materials in Nature: 4. Honeycomb-like materials in nature; 5. Foam-like materials in nature; 6. Cellular structures in nature; 7. Property charts for natural cellular materials and their uses; Part III. Cellular Materials in Medicine: 8. Cellular solids as biomedical materials; 9. Interaction of biological cells with tissue engineering scaffolds.
520 _a"Bringing to life the fascinating structures and unique mechanics of natural and biomedical cellular materials, this book is an expert guide to the subject for graduates and researchers. Arranged in three parts, it begins with a review of the mechanical properties of nature's building blocks (structural proteins, polysaccharides and minerals) and the mechanics of cellular materials. Part II then describes a wide range of cellular materials in nature: honeycomb-like materials such as wood and cork; foam-like materials including trabecular bone, plant parenchyma, coral and sponge; and composites of cellular and dense materials such as iris leaves, skulls, palm, bamboo, animal quills and plant stems. Images convey the structural similarities of different materials, whilst color property charts provide mechanical data. Part III discusses biomedical applications of cellular materials: metal foams for orthopedic applications and porous scaffolds for regenerating tissues, including the effect of scaffold properties on cell behavior"--Provided by publisher.
650 0 _aCytology.
650 0 _aBiomedical materials.
650 0 _aFoamed materials.
_912057
650 1 2 _aCellular Structures.
_912058
650 2 2 _aBiocompatible Materials.
_95007
700 1 _aAshby, M. F.
_912059
700 1 _aHarley, Brendan A.
_912060
942 _2ddc
_cBOOK
999 _c22245
_d256745